000 00556nam a2200169 a 4500
008 120416s1980 xx |||||||||||||| || u
050 _aHD 31 Kaz
100 _aKazmier, Leonard J
245 1 0 _aManagement
246 _aa programmed approach with cases and applications
250 _a4th ed.
260 _c1980
350 _a0.00
650 0 _aMANAGEMENT
650 _aMANAGEMENT--CASE STUDIES
995 _D0.00
_FCBU-MAIN LIBRARY (Kitwe)
_H1
_I0.00
_M1
_UAVAILABLE
_ZMain Library Open Access Collection
999 _c49823
_d49823